Southville International School and Colleges
Your cart is empty.
  • Cart
  • Lists
    Public lists Eva Luna New books Lux_list list_1
    Your lists Log in to create your own lists
  • Log in to your account
  • Your cookies
  • Search history
Southville International School and Colleges
  • Advanced search
  • Recent comments
  • Most popular
  • Libraries

Log in to your account

Log in with GOOGLE


If you do not have an external account, but do have a local account, you can still log in:

  1. Home
  2. MARC view: Rain forest /
Normal view MARC view ISBD view

Rain forest / (Record no. 112341)

[ view plain ]
MARC details
000 -LEADER
fixed length control field 00544nam a2200181 a 4500
001 - CONTROL NUMBER
control field 4148
005 - DATE AND TIME OF LATEST TRANSACTION
control field 20140414131934.0
008 - FIXED-LENGTH DATA ELEMENTS--GENERAL INFORMATION
fixed length control field 090331s19uu xx 00 eng d
020 ## - INTERNATIONAL STANDARD BOOK NUMBER
International Standard Book Number 1-58185-006-9
050 ## - LIBRARY OF CONGRESS CALL NUMBER
Classification number REF 577.34
Item number M55 1998
100 ## - MAIN ENTRY--PERSONAL NAME
Personal name Mertiny, Andrea
245 ## - TITLE STATEMENT
Title Rain forest /
Statement of responsibility, etc by Andrea Mertiny ; illustrated by Reiner Zieger and Gerry Scot.
260 ## - PUBLICATION, DISTRIBUTION, ETC. (IMPRINT)
Place of publication, distribution, etc Nuremberg, Germany :
Name of publisher, distributor, etc Tessloff Pub.,
Date of publication, distribution, etc c1998.
300 ## - PHYSICAL DESCRIPTION
Extent 48 p. : col. ill. ; 29 cm.
440 ## - SERIES STATEMENT/ADDED ENTRY--TITLE
Title Start me up! ; v. 6
500 ## - GENERAL NOTE
General note Includes index
Holdings
Withdrawn status Lost status Damaged status Home library Current library Shelving location Date acquired Source of acquisition Total Checkouts Full call number Barcode Date last seen Price effective from Koha item type
      Munich Library Munich Library Reference Section 03/31/2009     REF 577.34 M55 1998 M3624 04/14/2014 04/14/2014 Books

Rain forest /

APA

Mertiny A., . (1998). Rain forest. Nuremberg, Germany: Tessloff Pub.

Chicago

Mertiny Andrea, . 1998. Rain forest. Nuremberg, Germany: Tessloff Pub.

Harvard

Mertiny A., . (1998). Rain forest. Nuremberg, Germany: Tessloff Pub.

MLA

Mertiny Andrea, . Rain forest. Nuremberg, Germany: Tessloff Pub. 1998.

  • Place hold
  • Print
  • Cite
  • Add to your cart (remove)
  • Save record
    BIBTEX Dublin Core MARCXML MARC (non-Unicode/MARC-8) MARC (Unicode/UTF-8) MARC (Unicode/UTF-8, Standard) MODS (XML) RIS
  • More searches
    Search for this title in:
    Other Libraries (WorldCat) Other Databases (Google Scholar) Online Stores (Bookfinder.com) Open Library (openlibrary.org)

Exporting to Dublin Core...

SOUTHVILLE LIBRARY

Southville International School and Colleges Library

1281 Tropical Ave. Cor. Luxembourg St., BF Homes International, Las Pinas City

Tel. No. 8256374 / 252358 Loc. 117/146

Powered by Koha